| 000 | 00837nam a2200229 4500 | ||
|---|---|---|---|
| 003 | CO-ViMGA | ||
| 020 | _a9789588787718 | ||
| 040 |
_aCO-ViMGA _bspa _cCO-ViMGA |
||
| 090 | _aC TIB1 | ||
| 100 | 1 |
_aTibo, Gilles, _d1951- _97907 |
|
| 245 | 1 | 0 |
_aEl gran viaje del señor M. / _cGilles Tibo ; ilustraciones Luc Melanson ; traducción Pedro A. Almeida |
| 260 |
_aBogotá : _bMonserrate |
||
| 300 |
_a[24] páginas sin numerar : _bilustraciones en color ; 27 cm. |
||
| 490 | _aPlan Nacional de Lectura y Escritura Leer es mi Cuento / Ministerio de Cultura | ||
| 500 | _a De 2 A 4 Años | ||
| 650 | 1 | 4 |
_aCuentos Infantiles Canadienses _9114 |
| 650 | 1 | 4 |
_aLibros Ilustrados Para Niños _987 |
| 650 | 1 | 4 |
_aLiteratura Infantil Canadiense _9115 |
| 700 | 1 |
_aAlmeida, Pedro A., _eTr. _97909 |
|
| 700 | 1 |
_aMelanson, Luc, _eIl. _97908 |
|
| 942 |
_2ddc _cBK |
||
| 999 |
_c7684 _d7684 |
||